000 00500nam a2200169Ia 4500
003 GCL
008 140319s9999 xx 000 0 ara d
040 _aGCL /
_cGCL
082 0 4 _a362.78
_bد ر
100 1 _aرمضان محمد القذافى
245 1 0 _aرعاية المتخلفين ذهنيا /
_cرمضان محمد القذافى
300 _a247 ص
490 _a100 قصة
_v0
650 0 4 _aالخدمة الاجتماعية
650 0 4 _aالمعوقون ذهنيا
942 _2ddc
_cBK
999 _c43658
_d43658